|
|
|
|
| LEADER |
00000nam0a2200000 4500 |
| 001 |
155456 |
| 005 |
20231031152440.0 |
| 010 |
|
|
|a 5030021051
|
| 020 |
|
|
|a RU
|b 91-58700
|
| 035 |
|
|
|a (RuTPU)RU\TPU\book\168633
|
| 090 |
|
|
|a 155456
|
| 100 |
|
|
|a 20090314d1991 m a0rusy5003 ca
|
| 101 |
0 |
|
|a rus
|
| 102 |
|
|
|a RU
|
| 105 |
|
|
|a y z 000zy
|
| 200 |
1 |
|
|a Рецепты русской кухни
|f В. М. Ковалев, Н. П. Могильный
|
| 210 |
|
|
|a Москва
|c Мир
|d 1991
|
| 215 |
|
|
|a 302,[1] с.
|d 20 см
|
| 610 |
1 |
|
|a национальные блюда
|
| 610 |
1 |
|
|a кулинария
|
| 610 |
1 |
|
|a русские блюда
|
| 610 |
1 |
|
|a рецептура
|
| 675 |
|
|
|a 64
|z rus
|
| 700 |
|
1 |
|a Ковалев
|b В. М.
|g Вячеслав Михайлович
|4 070
|
| 701 |
|
1 |
|a Могильный
|b Н. П.
|g Николай Петрович
|4 070
|
| 801 |
|
0 |
|a RU
|b RuMRKP
|c 19950417
|g psbo
|
| 801 |
|
1 |
|a RU
|b 63413507
|c 20090314
|g PSBO
|
| 801 |
|
2 |
|a RU
|b 63413507
|c 20091124
|g PSBO
|
| 942 |
|
|
|c BK
|